• 首页
  • 本馆介绍
  • 公告通知
  • 最新文献
  • 馆藏检索
  • 电子资源
  • 读者导购
  • 参考咨询
  • 我的图书馆
  • 登录
  • 详细信息显示
  • 放入我的书架
  • 预约/预借图书
  • 作者相关作品
  • 分类相关作品
  • 丛书相关作品
  • 出版社相关作品

书目信息

  • 表格格式
  • 工作单格式
  • 卡片格式
题名:
道德和宗教的两个来源
    
 
作者: 亨利·柏格森 著
分册:  
出版信息: 北京   北京时代华文书局  2018.2
页数: 320页
开本: 21cm
丛书名:
单 册:
中图分类: B82 , B91
科图分类:
主题词: 道德--研究 , 宗教--研究
电子资源:
ISBN: 978-7-5699-1553-2
000 01434nam0 2200253 45
001 012001004956
005 20140928162350.0
010    @a978-7-5699-1553-2@dCNY60.00
100    @a20180118d2018 em y0chiy0110 ea
101 0  @achi
102    @aCN@b110000
105    @ay z 000yy
106    @ar
200 1  @a道德和宗教的两个来源@9dao de he zong jiao de liang ge lai yuan@f(法)亨利·柏格森著
210    @a北京@c北京时代华文书局@d2018.2
215    @a320页@d21cm
330    @a书出版于1932年,是亨利·柏格森最重要的作品之一,是柏格森哲学思想在人文—社会领域方面的一次集中运用。在本书中,柏格森秉持其“创化论”观点,描述了在“生命冲力”推动之下的宇宙的产生、生物的出现、物种的分化直至道德与宗教最终产生的过程。要了解柏氏关于社会问题的见解,人们首先想到的就是这本著作。在本书中,作者所探求的是道德与宗教存在的依据和性质。根据柏氏的考察,道德有两个来源:一是作为“义务”的道德;一是作为“抱负”的道德,并认为道德的这两种形式都是应生命进化的要求而产生出来的。宗教在本质上也是生物学的。依柏氏之见,宗教是自然为对付“理智”所可能带来的危险而采取的一种防范手段。本书是作者经过多年潜心研究而推出的有关道德和宗教问题的专著,这一运用使作为体系的“柏格森哲学”得以完成。在国内尚未有非常权威的译本,值得译介并加以宣传。
606 0  @a道德@x研究
606 0  @a宗教@x研究
690    @aB82@v5
690    @aB91@v5
701  0 @c(法)@a亨利·柏格森@9heng li · bai ge sen@4著
801  0 @aCN@b上海新华@c20180901
905    @b1171974-8@dB82@e1292@f5
    
    道德和宗教的两个来源/(法)亨利·柏格森著.-北京:北京时代华文书局,2018.2
    320页;21cm
    
    
    ISBN 978-7-5699-1553-2:CNY60.00
    书出版于1932年,是亨利·柏格森最重要的作品之一,是柏格森哲学思想在人文—社会领域方面的一次集中运用。在本书中,柏格森秉持其“创化论”观点,描述了在“生命冲力”推动之下的宇宙的产生、生物的出现、物种的分化直至道德与宗教最终产生的过程。要了解柏氏关于社会问题的见解,人们首先想到的就是这本著作。在本书中,作者所探求的是道德与宗教存在的依据和性质。根据柏氏的考察,道德有两个来源:一是作为“义务”的道德;一是作为“抱负”的道德,并认为道德的这两种形式都是应生命进化的要求而产生出来的。宗教在本质上也是生物学的。依柏氏之见,宗教是自然为对付“理智”所可能带来的危险而采取的一种防范手段。本书是作者经过多年潜心研究而推出的有关道德和宗教问题的专著,这一运用使作为体系的“柏格森哲学”得以完成。在国内尚未有非常权威的译本,值得译介并加以宣传。
●
相关链接 在E读中查询图书 在五车中查询图书 在当当中查询图书 在豆瓣中查询图书


正题名:道德和宗教的两个来源     索取号:B82/1292         预约/预借

序号 登录号 条形码 馆藏地/架位号 状态 备注
1 1171974   211719746   第一样本阅览室/ [索取号:B82/1292] 在馆    
2 1171975   211719755   第一借阅区/ [索取号:B82/1292] 在馆    
3 1171976   211719764   第一借阅区/ [索取号:B82/1292] 在馆    
4 1171977   211719773   第一借阅区/ [索取号:B82/1292] 在馆    
5 1171978   211719782   第一借阅区/ [索取号:B82/1292] 在馆    
唐山师范学院图书馆 欢迎您!
大连网信软件有限公司© 版权所有